000 00607cam a22002053a 4500
001 45660
003 PGUSA
005 20140828084046.0
008 140516s2014||||xxu|||||s|||||000 | eng d
040 _aPGUSA
_beng
042 _adc
100 1 _aDacus, J. A.
245 1 0 _aLife and adventures of Frank and Jesse James :
_bThe noted western outlaws
_h[electronic resource] /
_cJ. A. Dacus
260 _bProject Gutenberg,
_c2014
506 _aPublic domain in the USA.
516 _aElectronic text
830 0 _aProject Gutenberg
_v45660
856 4 0 _uhttp://www.gutenberg.org/ebooks/45660
942 _cEB
999 _c274910
_d274910